| 000 | 00000nam##2200000za#4500 |
| 001 | 9.688189 |
| 003 | CaOODSP |
| 005 | 20210921095716 |
| 007 | cr ||||||||||| |
| 008 | 150407|2006||||xxc|||||o f|0| 0 eng|d |
| 020 | |a0-662-42874-9 |
| 040 | |aCaOODSP|beng |
| 043 | |an-cn--- |
| 086 | 1 |aIu23-12/2006E-PDF |
| 110 | 1 |aCanada. |bOffice of Consumer Affairs. |
| 245 | 10|aCorporate social responsibility : |h[electronic resource]|ban implementation guide for Canadian business |
| 260 | |aOttawa - Ontario : |bIndustry Canada. |c2006. |
| 300 | |a98p.|bfig., tables |
| 520 | 3 |aThis guide is a primer on corporate social responsibility. It contains information on how to assess the effects of business activities on others; develop and implement a corporate social responsibility strategy and commitments; measure, evaluate, and report on performance; and engage with stakeholders. It provides an overview of corporate social responsibility, sets out a six-stage implementation framework, and looks at the integral role of stakeholders in effective corporate social responsibility. |
| 590 | |a06-19|b2006-05-12 |
| 690 | 07|aCorporate image|2gcpds |
| 690 | 07|aSocial issues|2gcpds |
| 690 | 07|aEthics|2gcpds |
| 775 | 08|tResponsabilité sociale des entreprises : |w(CaOODSP)9.632622 |
| 776 | 0#|tCorporate social responsibility : |w(CaOODSP)9.650119 |
| 856 | 40|ahttp://publications.gc.ca|qPDF|s1201 KB|uhttps://publications.gc.ca/collections/Collection/Iu23-12-2006E.pdf |